000 00589cam a22002053a 4500
001 38605
003 PGUSA
005 20140828083842.0
008 120118s2012||||xxu|||||s|||||000 | eng d
040 _aPGUSA
_beng
042 _adc
100 1 _aErdélyi, János,
_d1814-1868
245 1 0 _aMagyar népmesék :
_bKépes kiadás
_h[electronic resource] /
_cJános Erdélyi
260 _bProject Gutenberg,
_c2012
506 _aPublic domain in the USA.
516 _aElectronic text
830 0 _aProject Gutenberg
_v38605
856 4 0 _uhttp://www.gutenberg.org/ebooks/38605
942 _cEB
999 _c267859
_d267859